Politique Française en L - Statistiques

Statistiques générales
  • Ce quiz a été pris 238 fois
  • Le résultat moyen est 8 sur 10
Statistiques - réponses
Hint Réponse % Correct
Premier mot de la devise de la République Française Liberté
98%
Ancien président et co-fondateur du Front National, il atteint le second tour de l’élection présidentielle en 2002. Jean-Marie Le Pen
97%
Election française qui désigne les représentants siégeant à l’Assemblée Nationale Législatives
93%
Membre du parti Les Républicains, actuel Président du Sénat. Gérard Larcher
88%
Ministre de l’Economie de 2017 à 2024, il est mis en cause pour sa gestion controversée des comptes publics, entraînant un fort déficit. Bruno Le Maire
87%
Ancien ministre de l'Education Nationale et de la Culture sous plusieurs gouvernements de gauche, il est à l’origine de la fête de la Musique et est aujourd’hui à la présidence de l’Institut du Monde Arabe. Jack Lang
78%
Directrice du Fonds Monétaire International (FMI) de 2011 à 2019, elle est aujourd’hui Présidente de la Banque Centrale Européenne (BCE). Christine Lagarde
71%
Artiste, compositeur et interprète, il se lance en politique notamment dans le cadre de la crise du COVID-19 en tenant des propos complotistes, il se présente aux élections européennes aux côtés de Dieudonné en 2024. Francis Lalanne
68%
Première femme française à se présenter à une élection présidentielle, elle s’est présentée 6 fois pour Lutte Ouvrière (LO) dont elle a été la porte-parole. Arlette Laguiller
53%
Député La France Insoumise depuis 2022, il est très proche de Jean-Luc Mélenchon et est connu pour son admiration de la Constitution de 1793. Antoine Léaument
43%
Aucun quiz correspondant
Distribution des résultats
% des personnes avec chaque résultat
Percentile par nombre de réponses
Votre historique - résultats
Vous n’avez pas pris ce quiz